Представление документа в формате RUSMARC

ПолеНазваниеЗначение
  Тип записи a
  Библиографический уровень m
001 Контрольный номер RU/IS/BASE/437755115
005 Дата корректировки 20250709140059.4
010 Индекс ISBN __
d Цена 217-00
101 Язык документа 0_
a Язык текста rus
200 Заглавие и сведения об ответственности 1_
a Заглавие Сказки с хорошим концом
f Первые сведения об ответственности читает автор
b Общее обозначение материала Электронный ресурс
210 Выходные данные 1_
a Место издания Москва
c Издательство Новая газета
d Дата издания 2007
215 Физическое описание __
a Объем 1 электрон. оптич. диск (CD) (2 ч. 40 мин.)
c Иллюстрации/тип воспроизводства зв.
225 Серия (Журнальная рубрика) 2_
a Серия (Журнальная рубрика) Женская азбука
h Номер части Т.2
225 Серия (Журнальная рубрика) 2_
a Серия (Журнальная рубрика) Аудиобиблиотека "Новой газеты"
300 Общие примечания __
a Общие примечания Загл. с контейнера
606 Тематические рубрики __
a Основная рубрика Художественная литература
606 Тематические рубрики __
a Основная рубрика Русская литература XX в. (произведения)
610 Ключевые слова 0_
a Ключевые слова русская советская литература
610 Ключевые слова 0_
a Ключевые слова говорящая книга
686 Индексы других классификаций __
a Индекс ББК 84(2Рос=Рус)6-4я04
700 Автор _1
a Фамилия Петрушевская
b Имя Л. С.
f Даты 1938-
g Полное личное имя Людмила Стефановна
801 Источник записи _0
a Страна RU
b Организация Центральная районная библиотека им. Г. А. Пирожникова
g Правила каталогизации ОКиО/Струналь
801 Источник записи _1
a Страна RU
b Организация Центральная районная библиотека им. Г. А. Пирожникова
g Правила каталогизации ОКиО/Струналь
852 Данные о местонахождении __
j Шифр хранения 84(2Рос=Рус)6-4
i Авторский знак П 31
b Сигла хранения ООЧ; 8; 9; 12; 14; 16; 18; 24; 26; 29
901 Тип документа __
t Тип документа m
905 Дата создания БЗ __
a Дата создания БЗ 2013.11.14
990 Данные о заказе (DOS) __
j Количество экземпляров (DOS) 10
h N записи в КСУ для Б/У (DOS) 2014-1